|
|
|
|
| LEADER |
00000nam a2200000Ii 4500 |
| 001 |
DIGEDICNSB0096 |
| 003 |
NyNyDIG |
| 008 |
221018s2014 sp ao o 001 0 spa d |
| 006 |
m o d |
| 007 |
cr ||||||||||| |
| 035 |
|
|
|a (OCoLC)1379453184
|
| 040 |
|
|
|a DGITA
|b eng
|e rda
|e pn
|c DGITA
|
| 020 |
|
|
|a 9788490197387
|q eBook
|
| 020 |
|
|
|z 9788466654456
|
| 041 |
1 |
|
|a spa
|h por
|
| 043 |
|
|
|a s-bl---
|
| 050 |
1 |
4 |
|a GV942.7.N455 ebook
|
| 100 |
1 |
|
|a Neymar,
|d 1992-
|e author.
|
| 240 |
1 |
0 |
|a Conversa entre pai e filho.
|l Spanish
|s (Saito)
|
| 245 |
1 |
0 |
|a Me llamo Neymar :
|b conversación entre padre e hijo /
|c Neymar ; traducción de Simon Saito Navarro.
|
| 264 |
|
1 |
|a Barcelona (España) :
|b Ediciones B,
|c [2014]
|
| 300 |
|
|
|a 1 online resource :
|b illustrations, photographs.
|
| 336 |
|
|
|a text
|b txt
|2 rdacontent
|
| 337 |
|
|
|a computer
|b c
|2 rdamedia
|
| 338 |
|
|
|a online resource
|b cr
|2 rdacarrier
|
| 347 |
|
|
|a text file
|2 rdaft
|
| 347 |
|
|
|b EPUB
|
| 500 |
|
|
|a "La autobiografía oficial."
|
| 500 |
|
|
|a Includes index.
|
| 588 |
0 |
|
|a Online resource; title from ePub title page (Digitalia, viewed October 18, 2022)
|
| 600 |
1 |
0 |
|a Neymar,
|d 1992-
|
| 650 |
|
0 |
|a Soccer players
|z Brazil
|v Biography.
|
| 610 |
2 |
0 |
|a Santos Futebol Clube.
|
| 650 |
|
0 |
|a Soccer players.
|
| 651 |
|
0 |
|a Brazil.
|
| 700 |
1 |
|
|a Saito, Simon,
|e translator.
|
| 700 |
1 |
|
|i Translation of:
|a Neymar,
|d 1992-
|t Conversa entre pai e filho.
|
| 791 |
2 |
|
|a Digitalia (Firm),
|e distributor.
|
| 793 |
0 |
|
|g Digitalia eBook Collection:
|a Ediciones B
|
| 776 |
0 |
8 |
|i Print version:
|a Neymar, 1992-
|s Conversa entre pai e filho. Spanish (Saito).
|t Me llamo Neymar.
|b 1a edición.
|d Barcelona (España) : Ediciones B, [2014]
|z 9788466654456
|
| 856 |
4 |
0 |
|3 Digitalia Hispánica
|u https://www.digitaliapublishing.com/a/53391/
|
| 910 |
|
|
|a Premium collection: 2022
|